|
|
|
|
| LEADER |
00000nab a2200000 a 4500 |
| 001 |
vtls008997072 |
| 003 |
SK-MaSNL |
| 005 |
20260303065757.0 |
| 008 |
140303c2007 xo wrzp 0 0slo |
| 015 |
|
|
|a SNBRB2007/06
|2 snkbucl
|
| 040 |
|
|
|a SNKBUCL
|b slo
|c SNKBUCL
|e AACR2
|
| 041 |
0 |
|
|a slo
|
| 044 |
|
|
|a xo
|c SK
|
| 080 |
|
|
|a 159.938.363.6:061.22
|x (437.6)
|2 1997
|
| 080 |
|
|
|a 613.8
|2 1997
|
| 245 |
0 |
0 |
|a Liga za duševné zdravie finančne podporí vybrané regionálne projekty
|c [autor] (mž)
|
| 610 |
2 |
7 |
|a Liga za duševné zdravie Slovenskej republiky
|2 snkbucl
|9 88138
|
| 650 |
0 |
7 |
|a projekty
|x finančná podpora
|2 snkbucl
|9 1066295
|
| 650 |
0 |
7 |
|a duševné zdravie
|2 snkbucl
|9 2573
|
| 773 |
0 |
|
|t Zdravotnícke noviny
|g Roč. XII, č. 19 (2007), s. 12
|x 1335-4477
|
| 852 |
|
|
|a SNK
|b KIS3GCP
|
| 958 |
|
|
|a MI
|
| 958 |
|
|
|a SK
|
| 999 |
|
|
|c 1752637
|d 1754567
|